| 000 | 00838nmm a2200253 a 4500 | ||
|---|---|---|---|
| 001 | ocm000703808 | ||
| 003 | TR-IsHL | ||
| 005 | 20201028124816.0 | ||
| 008 | 130902s1978 tu tur | ||
| 007 | cr cn | ||
| 035 |
_a703808 _b(N$T) |
||
| 050 | 0 | 4 |
_aQV744 _b.N69 1978 |
| 090 | 0 | 4 |
_aQV744 _b.N69 1978 |
| 100 | 1 | _aNoyanalpan, Ningur | |
| 245 | 1 | 0 |
_aFarmasötik ve medisinal kimya ders kitabı (yapı-etki ilişkileri) _h[electronic resource] / _cNingur Noyanalpan |
| 260 |
_aAnkara : _bAnkara Üniversitesi Eczacılık Fakültesi, _c1978 |
||
| 300 | _a164 p. | ||
| 650 | 4 | _aTıp | |
| 650 | 4 | _aMedicine | |
| 650 | 0 | _aFarmasötik kimya | |
| 650 | 0 | _aPharmaceutical chemistry | |
| 650 | 7 |
_aMEDICAL / Pharmacology _2bisacsh |
|
| 856 | 4 | 0 | _uhttp://search.ebscohost.com/login.aspx?direct=true&scope=site&db=e011xww&AN=703808 |
| 999 |
_c3148 _d3148 |
||